000 00576nam a2200169Ia 4500
008 090123s9999 xx 000 0 und d
082 _b18042
100 _aपासिस एस.इ.
245 _aराऊन्ड द वर्ल्ड इन एटी डेज
250 _a0
300 _a104
600 _aपासिस एस.इ.
630 _aराऊन्ड द वर्ल्ड इन एटी डेज
700 _aपासिस एस.इ.
730 _aराऊन्ड द वर्ल्ड इन एटी डेज
942 _cBOOK
999 _c56102
_d56102